<?xml version="1.0" encoding="UTF-8"?>
<record
    xmlns:xsi="http://www.w3.org/2001/XMLSchema-instance"
    xsi:schemaLocation="http://www.loc.gov/MARC21/slim http://www.loc.gov/standards/marcxml/schema/MARC21slim.xsd"
    xmlns="http://www.loc.gov/MARC21/slim">

  <leader>01288cam a2200301Ma 4500</leader>
  <controlfield tag="001">10292384</controlfield>
  <controlfield tag="005">20220326193313.0</controlfield>
  <controlfield tag="008">121211s2012    cr            000 j spa d</controlfield>
  <datafield tag="020" ind1=" " ind2=" ">
    <subfield code="a">9789968673228</subfield>
  </datafield>
  <datafield tag="020" ind1=" " ind2=" ">
    <subfield code="a">9968673226</subfield>
  </datafield>
  <datafield tag="035" ind1=" " ind2=" ">
    <subfield code="a">(OCoLC)ocn821828009</subfield>
  </datafield>
  <datafield tag="035" ind1=" " ind2=" ">
    <subfield code="a">(OCoLC)821828009</subfield>
  </datafield>
  <datafield tag="035" ind1=" " ind2=" ">
    <subfield code="a">(NNC)10292384</subfield>
  </datafield>
  <datafield tag="040" ind1=" " ind2=" ">
    <subfield code="a">CSt</subfield>
    <subfield code="c">STF</subfield>
  </datafield>
  <datafield tag="082" ind1=" " ind2=" ">
    <subfield code="a">CR863.7</subfield>
    <subfield code="b">P344y</subfield>
  </datafield>
  <datafield tag="100" ind1="1" ind2=" ">
    <subfield code="a">Payeras, Javier.</subfield>
    <subfield code="9">2221</subfield>
  </datafield>
  <datafield tag="245" ind1="1" ind2="0">
    <subfield code="a">Y otros relatos breves /</subfield>
    <subfield code="c">Javier Payeras.</subfield>
  </datafield>
  <datafield tag="250" ind1=" " ind2=" ">
    <subfield code="a">1 ed.</subfield>
  </datafield>
  <datafield tag="260" ind1=" " ind2=" ">
    <subfield code="a">San Jos&#xE9;, Costa Rica :</subfield>
    <subfield code="b">Editorial Germinal,</subfield>
    <subfield code="c">2012.</subfield>
  </datafield>
  <datafield tag="300" ind1=" " ind2=" ">
    <subfield code="a">66 p. ;</subfield>
    <subfield code="c">14 cm.</subfield>
  </datafield>
  <datafield tag="490" ind1="1" ind2=" ">
    <subfield code="a">Colecci&#xF3;n Bolsillo X ;</subfield>
    <subfield code="v">1</subfield>
  </datafield>
  <datafield tag="505" ind1=" " ind2=" ">
    <subfield code="t">La creacion</subfield>
    <subfield code="t">(  )</subfield>
    <subfield code="t">Un letrero benneton </subfield>
    <subfield code="t">Sin Nombre </subfield>
    <subfield code="t">City </subfield>
    <subfield code="t">El paciente </subfield>
    <subfield code="t">Make up </subfield>
    <subfield code="t">Hoy es siempre todav&#xED;a </subfield>
    <subfield code="t">Nociones de historia natural </subfield>
    <subfield code="t">Navidad en el Mall </subfield>
    <subfield code="t">2:15 AM</subfield>
    <subfield code="t">Caf&#xE9; </subfield>
    <subfield code="t">Variaciones a Raymond Chandler en un encuentro internacional de escritores </subfield>
    <subfield code="t">Latin american Idol </subfield>
    <subfield code="t">Inocencia </subfield>
    <subfield code="t">Guaro </subfield>
    <subfield code="t">EL mal pensante </subfield>
    <subfield code="t">Congo </subfield>
    <subfield code="t">Buena suerte </subfield>
    <subfield code="t">Plegaria en stereo </subfield>
    <subfield code="t">Blanco polarizado </subfield>
    <subfield code="t">El silencio de los gatos </subfield>
    <subfield code="t">S&#xE1;bado </subfield>
    <subfield code="t">Raul Eneldo Chavez </subfield>
  </datafield>
  <datafield tag="650" ind1=" " ind2=" ">
    <subfield code="a">Literatura </subfield>
    <subfield code="x">Cuentos ecologicos </subfield>
    <subfield code="z">Costa Rica </subfield>
    <subfield code="9">2222</subfield>
  </datafield>
  <datafield tag="700" ind1=" " ind2=" ">
    <subfield code="a">Payeras, Javier.</subfield>
    <subfield code="9">2223</subfield>
  </datafield>
  <datafield tag="830" ind1=" " ind2="0">
    <subfield code="a">Bolsillo X ;</subfield>
    <subfield code="v">1.</subfield>
    <subfield code="9">2224</subfield>
  </datafield>
  <datafield tag="948" ind1="1" ind2=" ">
    <subfield code="a">20130530</subfield>
    <subfield code="b">c</subfield>
    <subfield code="c">dc21</subfield>
    <subfield code="d">MPS</subfield>
  </datafield>
  <datafield tag="999" ind1=" " ind2=" ">
    <subfield code="c">463</subfield>
    <subfield code="d">463</subfield>
  </datafield>
  <datafield tag="952" ind1=" " ind2=" ">
    <subfield code="0">0</subfield>
    <subfield code="1">0</subfield>
    <subfield code="2">ddc</subfield>
    <subfield code="4">0</subfield>
    <subfield code="7">0</subfield>
    <subfield code="a">LV</subfield>
    <subfield code="b">LV</subfield>
    <subfield code="c">Literatura</subfield>
    <subfield code="d">2015-03-18</subfield>
    <subfield code="l">0</subfield>
    <subfield code="o">CR863.7 P344y</subfield>
    <subfield code="p">000392</subfield>
    <subfield code="r">2015-03-18 00:00:00</subfield>
    <subfield code="w">2015-03-18</subfield>
    <subfield code="y">01</subfield>
  </datafield>
</record>
